000
00291 a2200145 4500
001
165557
020
_a
040
_c
Magnum
100
_a
Foucault, Michel
240
1
0
_a
Microfisica do poder
_l
por
245
1
0
_a
Microfisica do poder
362
0
_a
1899
697
_a
GERAL
942
_c
BK
999
_c
165557
_d
165557